| 000 | 00426 a2200169 4500 | ||
|---|---|---|---|
| 001 | 71312 | ||
| 020 | _a8532243258 | ||
| 040 | _cAnchieta - Colégio São Paulo | ||
| 100 | _aAsturiano, Poliana | ||
| 240 | 1 | 0 |
_aTrês histórias do povo das terras do brasil _lpor |
| 245 | 1 | 0 | _aTrês histórias do povo das terras do brasil |
| 300 | _a48 | ||
| 362 | 0 | _a1999 | |
| 440 | 1 | _aFTD | |
| 650 | 4 | _aLiteratura infantil | |
| 942 | _cBK | ||
| 999 |
_c71312 _d71312 |
||